1990 1502 1114 1278 1904 1357 1253 1524 1468 1415 1434 1768 1363 1031 1636 1316 1546 1241 1845 1020 1851 1829 1783 1397 1389 1017 1812 1726 1328 1391 1229 1591 1525 1435 1351 1117 1833 1305 1300 1868 1514 1512 1669 1502 1996 1963 1599 2000 1385 1494 1891 1939 1558 1339 1946 1547 1090 1787 1297 1758 1180 1517 1273 1904 1951 1395 1008 1564 1577 1424 1110 1983 1031 1961 1057 1621 1438 1016 1654 1368 1317 1445 1096 1892 1914 1195 1288 1224 1948 1648 1904 1241 1407 1052 1178 1666 1184 1821 1120 BCNSPRNW ULIB Ver.6.0+V

เปลี่ยนเป็นภาษาไทย

Change to English
 แสดงรายละเอียดบรรณานุกรม
  กลับหน้าหลัก

Brief Record : Get Marc (ISO 2709) : E-mail record : QR code < ปิดหน้าต่าง
LEADER : 00000nam 2200000uu 4500
001    13399122806
003     ULIB
008    131003s2555||||th 000 0 tha d
020    ^a9786160005413
050  4 ^aDS520^bธ639ท
100    ^aธีรภาพ โลหิตกุล
245    ^aท่องแดนอาเซียน /^cธีรภาพ โลหิตกุล และคณะ
260    ^aกรุงเทพฯ :^bสถาพรบุ๊คส์,^c2555
300    ^a205 หน้า
650  7 ^aประชาคมอาเซียน
650  0 ^aท่องเที่ยว^xอาเซียน
945    ^p250^l0^i034030
999    ^aกมลทิพย์ ธนสารสุธี
รายการนี้ยังไม่มีแท็ก
คุณยังไม่ได้ล็อกอิน คุณสามารถมีกิจกรรมร่วมกับเว็บไซต์ได้ แต่ต้องล็อกอินก่อน ::
  ล็อกอิน

รายการสื่อสารสนเทศ

ลำดับที่ ประเภท เลขเรียก/บาร์โค้ด สถานที่ สถานะ
1. การศึกษาทั่วไป
หนังสือสำรอง
สถานะ=หนังสือสำรอง
DS520 ธ639ท ฉ.1 
  Barcode: 034030
ห้องสมุดวิทยาเขตสวรรค์ประชารักษ์
►หนังสือทั่วไป
บนชั้น

รายการใกล้เคียง
    ผู้แต่ง [ธีรภาพ โลหิตกุล]

    หัวเรื่อง [ประชาคมอาเซียน]

BibComment


ยังไม่เคยถูกคอมเมนท์

คอมเมนท์ทรัพยากรรายการนี้
  คอมเมนท์: ท่องแดนอาเซียน ..


 Copyright 2026. Bcnsprnw @Library